000 00841nam a2200265 i 4500
001 bg
100 1 _aJachnis, Anna
_d(1959- ).
245 1 0 _aPsychologia organizacji :
_bkluczowe zagadnienia /
_cAnna Jachnis.
260 _aWarszawa :
_bCentrum Doradztwa i Informacji Difin,
_c2008.
300 _a263 s. ;
_c23 cm.
504 _aBibliogr. s. 218-233.
650 9 _aPrzedsiębiorstwo
_xpsychologia
650 9 _aPraca
_xpsychologia
655 _aPodręczniki akademickie
015 _aPB 7422/2008
020 _a9788372518156
040 _cBPK
041 _apol
044 _aPOL
080 _a658.1/.5:005.32:159.9:331.101](075.8)
920 _a978-83-7251-815-6 :
_czł 48
942 _cKS
008 080317s2008 pl |000 0 pol
999 _c54858
_d54858
856 _uhttp://koha.tu.koszalin.pl/cgi-bin/koha/opac-detail.pl?biblionumber=54858
_yKatalog online BPK